000 06477cam a22018374i 4500
003 PE-LiUPU
005 20250813165415.0
008 140721s2009 mx a rb 000 0 spa d
020 _a9786077699033
035 _a(Sirsi) i9786077699033
040 _aPE-LiUPU
_bspa
_cPE-LiUPU
_erda
049 _aPRUA
082 0 4 _a632.18
_bI4
245 0 0 _aImpacto ambiental de incendios forestales /
_ccoordinador José Germán Flores Garnica.
250 _a1a edición.
264 1 _aMéxico :
_bMundi-Prensa México,
_c2009.
300 _aviii, 325 páginas :
_bilustraciones ;
_c25 centímetros
336 _atext
_2rdacontent
337 _aunmediated
_2rdamedia
338 _avolume
_2rdacarrier
504 _aBibliografía al final de cada capítulo.
505 0 _aPrólogo -- Introducción Caracterización de incendios forestales -- Aspectos generales de los incendios forestales -- Ecología del fuego y su impacto en los ecosistemas forestales -- Variación espacial del comportamiento del fuego con base en el mapeo de combustibles forestales -- Impacto en la biodiversidad -- El papel del fuego en la dinámica de los ecosistemas forestales -- Modelaje espacial del impacto de incendios forestales en el potencial de la biodiversidad -- Impacto de los incendios forestales en las comunidades vegetales de la cuenca del Río Magdalena, Distrito Federal -- Regímenes de fuego en ecosistemas forestales de México -- Impacto en el arbolado -- El fuego y sus efectos en los árboles Impacto del material combustible en plantaciones de pino -- Evaluación post-incendio del arbolado en un bosque templado -- Impacto en la regeneración -- Efecto del fuego en la regeneración natural de ecosistemas forestales -- Regeneración natural de sirios afectados por incendios forestales en un ecosistema tropical -- Variación espacial de la regeneración natural en un bosque impactado por incendios forestales -- Impacto en la fauna -- Efecto del fuego sobre la fauna en ecosistemas forestales -- Manejo del fuego y conservación de la fauna silvestre en ecosistemas forestales de montaña -- Impacto en el suelo -- Impacto en el suelo de dos tipos de quemas controladas en un rodal de bosque templado -- Efecto del fuego sobre algunos microorganismos del suelo en una plantación forestal -- Impacto en el agua -- Escurrimiento y erosión después de dos incendios forestales y una quema prescrita utilizando un simulador de lluvia -- Impacto de una quema controlada en la infiltración y el escurrimiento superficial en un bosque de pino -- Impacto en el aire -- Efectos del fuego sobre la calidad del aire -- Impacto en el paisaje -- Alteraciones del paisaje debido a los incendios forestales -- Impacto en la salud y bienestar del hombre -- Incendios forestales y salud humana -- Manejo del fuego -- Quemas controladas como herramienta alternativa en cl manejo forestal integral.
526 _aP203
526 _aP200
526 _aSEG65
526 _aSEG64
526 _aSEG63
526 _aSEG62
526 _aSEG61
526 _aSEG60
526 _aSEG59
526 _aSEG58
526 _aSEG57
526 _aSEG56
526 _aSEG55
526 _aSEG54
526 _aSEG53
526 _aSEG52
526 _aSEG51
526 _aSEG50
526 _aSEG49
526 _aSEG48
526 _aSEG47
526 _aSEG46
526 _aSEG24
526 _aSEG23
526 _aSEG22
526 _aSEG21
526 _aSEG20
526 _aSEG19
526 _aSEG18
526 _aSEG17
526 _aSEG16
526 _aSEG14
526 _aSEG13
526 _aSEG12
526 _aSEG11
526 _aSEG10
526 _aSEG09
526 _aSEG06
526 _aSEG05
526 _aSEG04
526 _aSEG03
526 _aSEG02
526 _aSEG68
526 _aSEG66
526 _aSEG45
526 _aSEG25
526 _aSEG01
526 _aP163
526 _aP162
526 _aP161
526 _aP160
526 _aP159
526 _aP158
526 _aP157
526 _aP156
526 _aP155
526 _aP154
526 _aP153
526 _aP152
526 _aP151
526 _aP150
526 _aP149
526 _aP142
526 _aP141
526 _aP140
526 _aP139
526 _aP138
526 _aP137
526 _aP132
526 _aP131
526 _aP130
526 _aP126
526 _aP125
526 _aP124
526 _aP123
526 _aP115
526 _aP122
526 _aP121
526 _aP116
526 _a P114
526 _aP112
526 _aP111
526 _aP104
526 _aP103
526 _aP102
526 _aP101
526 _aP100
526 _aP96
526 _aP95
526 _aP93
526 _aP92
526 _aP91
526 _aP88
526 _aP83
526 _aP82
526 _aP79
526 _aP78
526 _aP75
526 _aP74
526 _aP71
526 _aP69
526 _a P51
526 _aP49
526 _aP48
526 _aP47
526 _aP33
526 _aP31
526 _a P30
526 _aP29
526 _aP27
526 _aP26
526 _aP25
526 _aP24
526 _a P22
526 _aP10
526 _aP09
526 _a P08
526 _aP06
526 _aP05
526 _aP04
526 _aP01
541 _g043-0014406;
650 0 4 _aIncendios forestales.
700 1 _aFlores Garnica, José Germán,
_ecoordinador.
910 _ardg
_bjck
_crdg
_d20150525
942 _2ddc
_cBOOK
949 _a632.18 I4
_wDEWEY
_c1
_i70177
_lCCODEBUL1
_mBUL
_p46.00
_r0
_sY
_tBOOK
_u2014-7-21
_xINGENIERIA
_PP24
_0COMPRA
_o.STAFF. Colección General
949 _a632.18 I4
_wDEWEY
_c2
_i71284
_lCCODEBUL1
_mBUL
_p30.73
_r0
_sY
_tBOOK
_u2014-7-21
_xINGENIERIA
_PP24
_0COMPRA
_o.STAFF. Colección General
994 _aC0
_bPEPRU
596 _a1
999 _a632.18 I4
_wDEWEY
_c17530
_i70177
_d17530
_e2017-3-12
_f2021-11-9
_g7
_lCCODEBUL1
_mBUL
_n1
_p46.00
_q1
_r0
_sY
_tBOOK
_u2014-7-21
_xINGENIERIA
_PP24
_0COMPRA
_o.STAFF. Colección General
999 _a632.18 I4
_wDEWEY
_c2
_i71284
_f2021-11-9
_g7
_lCCODEBUL1
_mBUL
_p30.73
_r0
_sY
_tBOOK
_u2014-7-21
_xINGENIERIA
_PP24
_0COMPRA
_o.STAFF. Colección General
980 _81
_gALBERTO SANCHEZ Responsable de Automatización